<?xml version="1.0" encoding="UTF-8"?>
<record
    xmlns:xsi="http://www.w3.org/2001/XMLSchema-instance"
    xsi:schemaLocation="http://www.loc.gov/MARC21/slim http://www.loc.gov/standards/marcxml/schema/MARC21slim.xsd"
    xmlns="http://www.loc.gov/MARC21/slim">

  <leader>03849nab a2200349 i 4500</leader>
  <controlfield tag="003">BR-BrBNA</controlfield>
  <controlfield tag="005">20260409160820.0</controlfield>
  <controlfield tag="008">260409b2019    bl.qr|pooa||| 00| 0 por |</controlfield>
  <datafield tag="040" ind1=" " ind2=" ">
    <subfield code="a">BR-BrBNA</subfield>
    <subfield code="b">por</subfield>
  </datafield>
  <datafield tag="072" ind1=" " ind2=" ">
    <subfield code="a">P34</subfield>
    <subfield code="b">1850</subfield>
  </datafield>
  <datafield tag="100" ind1=" " ind2=" ">
    <subfield code="a">Mendon&#xE7;a, Johny de Jesus </subfield>
  </datafield>
  <datafield tag="100" ind1=" " ind2=" ">
    <subfield code="a">Oliveira, Pedro Rabelo de </subfield>
  </datafield>
  <datafield tag="100" ind1=" " ind2=" ">
    <subfield code="a">Santos, Jessica Silva </subfield>
  </datafield>
  <datafield tag="100" ind1=" " ind2=" ">
    <subfield code="a">Santos, Jacilene Francisca Souza </subfield>
  </datafield>
  <datafield tag="100" ind1=" " ind2=" ">
    <subfield code="a">Menezes, Geovania dos Santos </subfield>
  </datafield>
  <datafield tag="100" ind1=" " ind2=" ">
    <subfield code="a">Costa, France M&#xE1;rio </subfield>
  </datafield>
  <datafield tag="100" ind1=" " ind2=" ">
    <subfield code="a">Barbosa, Andr&#xE9;a Ver&#xF4;nica Gobbi </subfield>
  </datafield>
  <datafield tag="100" ind1=" " ind2=" ">
    <subfield code="a">Marino, Regina Helena </subfield>
  </datafield>
  <datafield tag="245" ind1=" " ind2=" ">
    <subfield code="a">Crescimento e coloniza&#xE7;&#xE3;o micorr&#xED;zica do tomateiro IPA06 inoculado com fungos micorr&#xED;zicos arbusculares em substrato org&#xE2;nico</subfield>
  </datafield>
  <datafield tag="500" ind1=" " ind2=" ">
    <subfield code="a">

Publica&#xE7;&#xE3;o online; 29 ref.; 6 illus.; Summaries (En, Pt)</subfield>
  </datafield>
  <datafield tag="520" ind1=" " ind2=" ">
    <subfield code="a">


RESUMO:      O tomateiro IPA06 &#xE9; uma variedade que apresenta frutos resistentes ao transporte e adaptada ao cultivo r&#xFA;stico, cuja intera&#xE7;&#xE3;o com fungos micorr&#xED;zicos arbusculares (FMA) ainda n&#xE3;o foi encontrada na literatura. O objetivo deste trabalho foi  avaliar  o  crescimento  e  a  coloniza&#xE7;&#xE3;o  do  tomateiro  IPA06  cultivado  com  FMA  em  substrato  org&#xE2;nico.  O  delineamento  experimental utilizado foi inteiramente casualizado composto pelo cultivo do tomateiro IPA06 em cinco tratamentos (controle &#x2013; sem in&#xF3;culo f&#xFA;ngico e quatro inoculantes de fungos micorr&#xED;zicos: UFLA05 - Gigaspora albida, UFLA351 - Rhizoglomus clarum, UFLA372 - Claroideoglomus etunicatum e UFLA401 - Acaulospora morrowiae), em substrato org&#xE2;nico, com 10 repeti&#xE7;&#xF5;es. Os FMAs inoculados influenciam apenas no per&#xED;odo de germina&#xE7;&#xE3;o das sementes do tomateiro. O emprego de substrato org&#xE2;nico n&#xE3;o  inibe  a  coloniza&#xE7;&#xE3;o  do  tomateiro  por  FMAs.  A  coloniza&#xE7;&#xE3;o  micorr&#xED;zica  do  tomateiro  IPA06  n&#xE3;o  garante  incremento  na  biomassa  vegetal,  mas  favorece  a  precocidade  no  florescimento,  sendo  responsivo  aos  isolados  UFLA351  e  UFLA401  que podem ser utilizados como inoculantes para cultivo org&#xE2;nico. 



Palavras-chave:      nutri&#xE7;&#xE3;o vegetal; simbiose; Solanum lycopersicum</subfield>
  </datafield>
  <datafield tag="520" ind1=" " ind2=" ">
    <subfield code="a">


ABSTRACT:      Tomato IPA06 is a variety that presents fruits resistant to transport and adapted to the rustic cultivation, whose interaction with arbuscular mycorrhizal fungi (AMF) has not yet been found in the literature. The objective of this work was to evaluate the growth and colonization of the IPA06 tomato cultivated with AMF in organic substrates. The experimental design was  completely  randomized  by  the  cultivation  of  the  IPA06  tomato  in  five  treatments  (control  -  without  fungal  inoculum  and four mycorrhizal fungi inoculants: UFLA05 - Gigaspora albida, UFLA351 - Rhizoglomus clarum, UFLA372 - Claroideoglomus etunicatum and UFLA401 - Acaulospora morrowiae), in organic substrate, with 10 replicates. The AMFs inoculated influenced in the germination period. The use of organic substrate does not inhibit tomato colonization by AMFs. The mycorrhizal colonization of the IPA06 tomato does not guarantee an increase in the vegetal biomass, but it favors the precocity in the flowering, being responsive to the isolates UFLA351 and UFLA401 that can be used as inoculants for organic cultivation.  



Key words:      plant nutrition; symbiosis; Solanum lycopersicum</subfield>
  </datafield>
  <datafield tag="650" ind1=" " ind2=" ">
    <subfield code="a">TOMATE</subfield>
  </datafield>
  <datafield tag="650" ind1=" " ind2=" ">
    <subfield code="a">CRESCIMENTO</subfield>
  </datafield>
  <datafield tag="650" ind1=" " ind2=" ">
    <subfield code="a">NUTRI&#xC7;&#xC3;O VEGETAL</subfield>
  </datafield>
  <datafield tag="650" ind1=" " ind2=" ">
    <subfield code="a">INOCULA&#xC7;&#xC3;O</subfield>
  </datafield>
  <datafield tag="650" ind1=" " ind2=" ">
    <subfield code="a">MICORRIZA  VESICULAR  ARBUSCULAR</subfield>
  </datafield>
  <datafield tag="773" ind1="0" ind2=" ">
    <subfield code="0">4656</subfield>
    <subfield code="9">361507</subfield>
    <subfield code="d">Recife-PE Universidade Federal Rural de Pernambuco 2006</subfield>
    <subfield code="o">2026-1518</subfield>
    <subfield code="t">Revista Brasileira de Ci&#xEA;ncias Agr&#xE1;rias (Brazil)</subfield>
    <subfield code="x">1981-1160</subfield>
    <subfield code="g">v. 14(3) p. 1-9; (2019)</subfield>
    <subfield code="w">BR2026000098</subfield>
  </datafield>
  <datafield tag="856" ind1=" " ind2=" ">
    <subfield code="u">http://www.agraria.pro.br/ojs32/index.php/RBCA/article/view/v14i3a6559/196</subfield>
  </datafield>
  <datafield tag="942" ind1=" " ind2=" ">
    <subfield code="c">ANA</subfield>
  </datafield>
  <datafield tag="999" ind1=" " ind2=" ">
    <subfield code="c">341317</subfield>
    <subfield code="d">341317</subfield>
  </datafield>
</record>
